=LDR 00000nam 2200000 4500 =001 INLIS000000000012535 =005 20130612104040 =008 ***********************************Ind** =035 ##$$0010-061300000012535 =041 ##$$a Ind =082 ##$$a 418 =090 ##$$a 418, Adi r =100 ##$$a Adidarmojo, Gunawan wibisono =245 ##$$a Renda-renda bahasa, Gunawan wibisono Adidarmojo =260 ##$$a 1989 $b Bandung =300 ##$$a 165 hlm., 21 cm =650 ##$$a Bahasa Indonesia =850 ##$$a NBPNMAT =990 ##$$a 0001/BPAP-NTB/2016